Holiday Quiz

Random Holiday or Christmas Quiz

Christmas Socks Quiz Stats

 Plays Quiz Updated Dec 11, 2018

Support Sporcle.
Go Orange.
Score 0/20 Timer 03:00
4 Plays Today
% Correct
Santa Claus
90.2%
Candy Canes
89.1%
Christmas Trees
88.8%
Snowmen
88.1%
Christmas Drinks
88%
Elf
87.9%
Nutcracker
87.8%
Christmas Lights
87.6%
Reindeer
87.5%
Snow Angels
86.8%
% Correct
Silver Bells
86.6%
Snowflake
86%
Gifts
85.8%
Nativity
85.4%
Gingerbread Men
84.3%
Stockings
83.9%
Wreaths
83.9%
Christmas Bows
82%
Gingerbread House
81.8%
Ugly Sweater
73.2%

From the Vault

Director by Words From Movie Titles

by purplekoala

Movies 6m
Here's where it really pays to have a unique title.
Remove Ads.
Support Sporcle.
Get the best of Sporcle when you Go Orange. This ad-free experience offers more features, more stats, and more fun while also helping to support Sporcle. Thank you for becoming a member.

Show Comments

Extras

Top Quizzes Today


Score Distribution

Your Account Isn't Verified!

In order to create a playlist on Sporcle, you need to verify the email address you used during registration. Go to your Sporcle Settings to finish the process.

Report this User

Report this user for behavior that violates our Community Guidelines.

Details: